000 00299nam a22001217a 4500
008 180511b xxu||||| |||| 00| 0 eng d
041 _aeng
080 _a043.3
100 _a0
101 _aSHKI-BTH
245 _aAplikacionet në paisje mobile dhe jetëgjatësia e tyre
_cNreca,I
942 _2udc
_cBK
999 _c45705
_d45705